Stadtböden : Entwicklungen,Belastungen,Bewertung und Planung
Salvato in:
| Autori principali: | , |
|---|---|
| Natura: | Libro |
| Lingua: | tedesco |
| Pubblicazione: |
Taunusstein :
Eberhard Blottner Verlag,
1991
|
| Tags: |
Nessun Tag, puoi essere il primo ad aggiungerne!!
|
MARC
| LEADER | 00000nam a22000003a 4500 | ||
|---|---|---|---|
| 001 | stu33248 | ||
| 005 | 20150617225734.3 | ||
| 008 | 980818s1991------------------------ger-d | ||
| 020 | |a 3-89367-004-1 | ||
| 040 | |a STU |b slo | ||
| 041 | 0 | |a ger | |
| 080 | |a 711.4-167 | ||
| 100 | 1 | |a Pietsch, Jürgen |4 aut | |
| 245 | 1 | |a Stadtböden : |b Entwicklungen,Belastungen,Bewertung und Planung | |
| 260 | |a Taunusstein : |b Eberhard Blottner Verlag, |c 1991 | ||
| 300 | |a 294 s | ||
| 700 | 1 | |a Kamieth, Heino |4 aut | |
| 996 | |b 284V027135 |c V*45498/O-20010 |l VVT |s A |a 24 |w stu33248_0001 | ||